<?xml version="1.0" encoding="UTF-8"?>
<record
    xmlns:xsi="http://www.w3.org/2001/XMLSchema-instance"
    xsi:schemaLocation="http://www.loc.gov/MARC21/slim http://www.loc.gov/standards/marcxml/schema/MARC21slim.xsd"
    xmlns="http://www.loc.gov/MARC21/slim">

  <leader>03586njm a2200529Ia 4500</leader>
  <controlfield tag="001">25663</controlfield>
  <controlfield tag="003">IT-RoPAU</controlfield>
  <controlfield tag="005">20220918181120.0</controlfield>
  <controlfield tag="008">131025s9999    xx            000 0 und d</controlfield>
  <datafield tag="040" ind1=" " ind2=" ">
    <subfield code="a">IT-RoPAU</subfield>
  </datafield>
  <datafield tag="040" ind1=" " ind2=" ">
    <subfield code="c">IT-RoPAU</subfield>
  </datafield>
  <datafield tag="041" ind1=" " ind2=" ">
    <subfield code="a">ITALIANO</subfield>
  </datafield>
  <datafield tag="999" ind1=" " ind2=" ">
    <subfield code="c">99702</subfield>
    <subfield code="d">99702</subfield>
  </datafield>
  <datafield tag="999" ind1=" " ind2=" ">
    <subfield code="b">NO</subfield>
  </datafield>
  <datafield tag="100" ind1=" " ind2=" ">
    <subfield code="a">AA.VV.</subfield>
    <subfield code="9">794</subfield>
  </datafield>
  <datafield tag="100" ind1=" " ind2=" ">
    <subfield code="e">Autore musica</subfield>
    <subfield code="9">13241</subfield>
  </datafield>
  <datafield tag="100" ind1=" " ind2=" ">
    <subfield code="g">Codice autore musica SPICS: 12000</subfield>
    <subfield code="9">796</subfield>
  </datafield>
  <datafield tag="245" ind1=" " ind2=" ">
    <subfield code="a">World of Neapolitan Song (The)</subfield>
  </datafield>
  <datafield tag="250" ind1=" " ind2=" ">
    <subfield code="a">2a ed.</subfield>
  </datafield>
  <datafield tag="260" ind1=" " ind2=" ">
    <subfield code="a">LONDON</subfield>
  </datafield>
  <datafield tag="260" ind1=" " ind2=" ">
    <subfield code="b">DECCA RECORD COMPANY</subfield>
    <subfield code="c">1973 [1a Ed.:1965]</subfield>
  </datafield>
  <datafield tag="300" ind1=" " ind2=" ">
    <subfield code="a">DISCO</subfield>
  </datafield>
  <datafield tag="500" ind1=" " ind2=" ">
    <subfield code="a">Canzone italiana. Canzone napoletana. Napoli</subfield>
  </datafield>
  <datafield tag="505" ind1=" " ind2=" ">
    <subfield code="a">Torna a Surriento - Sona chitarra! - A canzone 'e Napule - Ti voglio tanto bene - La barcillunisa - Muttetti di lu paliu - Cantu a Timuni - Chiovu 'abballati' - Firenze sogna - Chitarra romana - Parlami d'amore Mari&#xF9; - Catari, catari - Munasterio 'e Santa Chiara - Napule canta - 'O surdato 'nnammurato - Scetate! - Addio, mia bella Napoli</subfield>
  </datafield>
  <datafield tag="650" ind1=" " ind2=" ">
    <subfield code="a">CANZONE NAPOLET [DISCHI]</subfield>
    <subfield code="e">Codice MATERIA SPICS: 9950</subfield>
    <subfield code="9">13242</subfield>
  </datafield>
  <datafield tag="700" ind1=" " ind2=" ">
    <subfield code="a">Di Stefano Giuseppe</subfield>
    <subfield code="g">Codice interprete SPICS: 11549</subfield>
    <subfield code="e">Interprete</subfield>
    <subfield code="9">13243</subfield>
  </datafield>
  <datafield tag="700" ind1=" " ind2=" ">
    <subfield code="a">De Curtis Ernesto</subfield>
    <subfield code="g">Codice autore testo/musica SPICS: 13475</subfield>
    <subfield code="e">Autore testo/musica</subfield>
    <subfield code="p">Torna a Surriento - Sona chitarra! - A canzone 'e Napule - Ti voglio tanto bene</subfield>
    <subfield code="9">13246</subfield>
  </datafield>
  <datafield tag="700" ind1=" " ind2=" ">
    <subfield code="a">Bovio Libero</subfield>
    <subfield code="g">Codice autore musica SPICS: 13462</subfield>
    <subfield code="e">Autore musica</subfield>
    <subfield code="p">A canzone 'e Napule</subfield>
    <subfield code="9">13247</subfield>
  </datafield>
  <datafield tag="700" ind1=" " ind2=" ">
    <subfield code="a">Furn&#xF2; Domenico</subfield>
    <subfield code="g">Codice autore musica SPICS: 13476</subfield>
    <subfield code="e">Autore musica</subfield>
    <subfield code="p">Ti voglio tanto bene</subfield>
    <subfield code="9">13248</subfield>
  </datafield>
  <datafield tag="700" ind1=" " ind2=" ">
    <subfield code="a">Anonimo</subfield>
    <subfield code="g">Codice autore musica SPICS: 2620</subfield>
    <subfield code="e">Autore musica</subfield>
    <subfield code="p">La barcillunisa - Muttetti di lu paliu - Cantu a Timuni - Chiovu 'abballati'</subfield>
    <subfield code="9">13249</subfield>
  </datafield>
  <datafield tag="700" ind1=" " ind2=" ">
    <subfield code="a">Favara</subfield>
    <subfield code="g">Codice autore SPICS: 27752</subfield>
    <subfield code="e">Autore</subfield>
    <subfield code="p">La barcillunisa - Muttetti di lu paliu - Cantu a Timuni - Chiovu 'abballati' </subfield>
    <subfield code="9">13250</subfield>
  </datafield>
  <datafield tag="700" ind1=" " ind2=" ">
    <subfield code="a">Cesarini Cesare</subfield>
    <subfield code="g">Codice autore testo/musica SPICS: 13620</subfield>
    <subfield code="e">Autore testo/musica</subfield>
    <subfield code="p">Firenze sogna</subfield>
    <subfield code="9">13251</subfield>
  </datafield>
  <datafield tag="700" ind1=" " ind2=" ">
    <subfield code="a">Bruno C.</subfield>
    <subfield code="g">Codice autore musica SPICS: 13502</subfield>
    <subfield code="e">Autore musica</subfield>
    <subfield code="p">Chitarra romana</subfield>
    <subfield code="9">13252</subfield>
  </datafield>
  <datafield tag="700" ind1=" " ind2=" ">
    <subfield code="a">Lazzaro</subfield>
    <subfield code="g">Codice autore testo/musica SPICS: 16140</subfield>
    <subfield code="e">Autore testo/musica</subfield>
    <subfield code="p">Chitarra romana</subfield>
    <subfield code="9">13253</subfield>
  </datafield>
  <datafield tag="700" ind1=" " ind2=" ">
    <subfield code="a">Neri Ennio</subfield>
    <subfield code="g">Codice autore musica SPICS: 13457</subfield>
    <subfield code="e">Autore musica</subfield>
    <subfield code="p">Parlami d'amore Mari&#xF9;</subfield>
    <subfield code="9">13254</subfield>
  </datafield>
  <datafield tag="700" ind1=" " ind2=" ">
    <subfield code="a">Bixio Cesare Andrea</subfield>
    <subfield code="g">Codice autore testo/musica SPICS: 13441</subfield>
    <subfield code="e">Autore testo/musica</subfield>
    <subfield code="p">Parlami d'amore Mari&#xF9;</subfield>
    <subfield code="9">13255</subfield>
  </datafield>
  <datafield tag="700" ind1=" " ind2=" ">
    <subfield code="a">Cardillo Salvatore</subfield>
    <subfield code="g">Codice autore musica SPICS: 13703</subfield>
    <subfield code="e">Autore musica</subfield>
    <subfield code="p">Catari, catari</subfield>
    <subfield code="9">13256</subfield>
  </datafield>
  <datafield tag="700" ind1=" " ind2=" ">
    <subfield code="a">Cordiferro Riccardo</subfield>
    <subfield code="g">Codice autore SPICS: 13704</subfield>
    <subfield code="e">Autore</subfield>
    <subfield code="p">Catari, catari</subfield>
    <subfield code="9">13257</subfield>
  </datafield>
  <datafield tag="700" ind1=" " ind2=" ">
    <subfield code="a">Fields Dorothy</subfield>
    <subfield code="g">Codice autore testo/musica SPICS: 15865</subfield>
    <subfield code="e">Autore testo/musica</subfield>
    <subfield code="p">Catari, catari</subfield>
    <subfield code="9">13258</subfield>
  </datafield>
  <datafield tag="700" ind1=" " ind2=" ">
    <subfield code="a">Galdieri Michele</subfield>
    <subfield code="g">Codice autore musica SPICS: 13370</subfield>
    <subfield code="e">Autore musica</subfield>
    <subfield code="p">Munasterio 'e Santa Chiara</subfield>
    <subfield code="9">13259</subfield>
  </datafield>
  <datafield tag="700" ind1=" " ind2=" ">
    <subfield code="a">Barberis Alberto</subfield>
    <subfield code="g">Codice autore testo/musica SPICS: 13596</subfield>
    <subfield code="e">Autore testo/musica</subfield>
    <subfield code="p">Munasterio 'e Santa Chiara</subfield>
    <subfield code="9">13260</subfield>
  </datafield>
  <datafield tag="700" ind1=" " ind2=" ">
    <subfield code="a">Tagliaferri Ernesto</subfield>
    <subfield code="g">Codice autore testo/musica SPICS: 13714</subfield>
    <subfield code="e">Autore testo/musica</subfield>
    <subfield code="p">Napule canta</subfield>
    <subfield code="9">13261</subfield>
  </datafield>
  <datafield tag="700" ind1=" " ind2=" ">
    <subfield code="a">Cannio Enrico</subfield>
    <subfield code="g">Codice autore musica SPICS: 13705</subfield>
    <subfield code="e">Autore musica</subfield>
    <subfield code="p">'O surdato 'nnammurato</subfield>
    <subfield code="9">13262</subfield>
  </datafield>
  <datafield tag="700" ind1=" " ind2=" ">
    <subfield code="a">Califano Aniello</subfield>
    <subfield code="g">Codice autore testo/musica SPICS: 13470</subfield>
    <subfield code="e">Autore testo/musica</subfield>
    <subfield code="p">'O surdato 'nnammurato</subfield>
    <subfield code="9">13263</subfield>
  </datafield>
  <datafield tag="700" ind1=" " ind2=" ">
    <subfield code="a">Costa A.</subfield>
    <subfield code="g">Codice autore testo/musica SPICS: 13206</subfield>
    <subfield code="e">Autore testo/musica</subfield>
    <subfield code="p">Scetate!</subfield>
    <subfield code="9">13264</subfield>
  </datafield>
  <datafield tag="700" ind1=" " ind2=" ">
    <subfield code="a">Valente Nicola</subfield>
    <subfield code="g">Codice autore testo/musica SPICS: 13463</subfield>
    <subfield code="e">Autore testo/musica</subfield>
    <subfield code="p">Addio, mia bella Napoli</subfield>
    <subfield code="9">13265</subfield>
  </datafield>
  <datafield tag="942" ind1=" " ind2=" ">
    <subfield code="c">MD</subfield>
    <subfield code="2">ddc</subfield>
  </datafield>
  <datafield tag="952" ind1=" " ind2=" ">
    <subfield code="0">0</subfield>
    <subfield code="1">0</subfield>
    <subfield code="4">0</subfield>
    <subfield code="6">25663_000000000000000</subfield>
    <subfield code="7">1</subfield>
    <subfield code="a">SPICS</subfield>
    <subfield code="b">SPICS</subfield>
    <subfield code="d">2013-10-25</subfield>
    <subfield code="l">0</subfield>
    <subfield code="o">25663</subfield>
    <subfield code="r">2013-10-25 00:00:00</subfield>
    <subfield code="w">2013-10-25</subfield>
    <subfield code="y">MD</subfield>
    <subfield code="z">Progr. Ins.: 5537 / N.Vol.: 1 / Copie: 1 - Copia rara: NO / date import: 01.01.2014 - By Epidotti, Trombetti, Vaglietti</subfield>
  </datafield>
</record>
